Kuantiti kejuruteraan awam
| Main Author: | |
|---|---|
| Format: | Book |
| Published: |
Sekudai :
Penerbit Universiti Teknologi Malaysia ,
1993
|
| Subjects: |
MARC
| LEADER | 00000cam a2200000 7i4500 | ||
|---|---|---|---|
| 001 | 0000007866 | ||
| 002 | 000008439 | ||
| 005 | 20000330.0 | ||
| 020 | |a 9839585894 | ||
| 090 | 0 | 0 | |a 624.0287 |b SEE |
| 100 | 1 | |a Seeley, Ivor H | |
| 245 | 1 | 0 | |a Kuantiti kejuruteraan awam |c Ivor H. Seeley |
| 260 | |a Sekudai : |b Penerbit Universiti Teknologi Malaysia , |c 1993 | ||
| 300 | |a 243p. ; |c 24cm. | ||
| 650 | 0 | 0 | |a Civil engineering |x Mesurement |
| 999 | |a 042527 |b BUKU |c PINJAMAN |e PERPUSTAKAAN KOMUNITI PETALING JAYA | ||
| 999 | |a 042528 |b BUKU |c PINJAMAN |e PERPUSTAKAAN KOMUNITI PETALING JAYA | ||